000 00329nam a2200133Ia 4500
008 191201s2018 xx 000 0 und d
082 _a615.31 DHC
100 _aDHARUMAN, J
245 0 _aChemistry of Synthetic Drugs
260 _bAITBS Pub
_aNew delhi
_c2018
300 _a312
650 _aMedicinal Chemistry
942 _2ddc
_cBK
999 _c8207
_d8207